|
|
|
|
| LEADER |
00000nab a2200000 a 4500 |
| 001 |
vtls010070385 |
| 003 |
SK-MaSNL |
| 005 |
20260304155947.0 |
| 008 |
250507|2009 xo mr|p||||||||00 b|slo |
| 015 |
|
|
|a SNBRB2010/03
|2 snkbucl
|
| 035 |
|
|
|a (uuid)9ee639f5-7b23-4bcb-b366-9917e804ed84
|
| 035 |
|
|
|a urn:nbn:sk:snk-abc5oz
|
| 035 |
|
|
|a (urnnbn)urn:nbn:sk:snk:ar-000n4h
|
| 038 |
|
|
|a SNKBUCL
|
| 040 |
|
|
|a SNKBUCL
|b slo
|c SNKBUCL
|e AACR2
|
| 041 |
0 |
|
|a slo
|
| 044 |
|
|
|a xo
|c SK
|
| 080 |
|
|
|a 070.48:02
|x (437.6)
|2 2001
|
| 080 |
|
|
|a 02:070.48
|x (437.6)
|2 2001
|
| 100 |
1 |
|
|a Kernerová, Klára,
|d 1951-
|4 aut
|
| 245 |
1 |
0 |
|a Časopis Knihovník - tridsaťročný jubilant
|c Klára Kernerová
|
| 630 |
0 |
7 |
|a Knihovník (časopis)
|2 snkbucl
|9 873645
|
| 650 |
0 |
7 |
|a knihovníctvo
|2 snkbucl
|9 1557
|
| 650 |
0 |
7 |
|a knihovnícke časopisy
|2 snkbucl
|9 23070
|
| 773 |
0 |
|
|t Knižnica
|g Roč. 10, č. 11-12 (2009), s. 47
|x 1335-7026
|
| 850 |
|
|
|a Slovenská národná knižnica
|
| 852 |
|
|
|a Slovenská národná knižnica
|
| 856 |
4 |
1 |
|u http://www.snk.sk/images/snk/casopis_kniznica/2009//november_december/47.pdf
|
| 954 |
|
|
|a odborná, vedecká literatúra pôvodná (slovenská)
|2 lita
|
| 958 |
|
|
|a article15
|
| 958 |
|
|
|a OND
|
| 958 |
|
|
|a KL
|
| 958 |
|
|
|a EUIPO
|
| 999 |
|
|
|c 2964821
|d 2966751
|